000 00718nam a2200217 4500
001 109723
003 ES-MaACL
005 20230906184910.0
007 t|
008 061121s1933 xxk r ||||1| eng d
245 0 4 _aThe Modern State /
_cBy Leonard Woolf, Lord Eustace Percy, Mrs. Sidney Webb, Prof. W. G. S. Adams, Sir Arthur Salter; Edited by M. Adams.
260 _aLondon :
_bG. Allen & Unwin,
_c1933.
300 _a320 p. ;
_c19 x 13 cm.
700 1 _aWoolf, Leonard.
_9117357
700 1 _aPercy, Eustace.
_990416
700 1 _aWebb, Sidney.
_9116243
700 1 _aAdams, W. G. S.
_918404
700 1 _aSalter, Arthur.
_9102038
700 1 _aAdams, Mary Grace Agnes.
_918396
852 _aES-MaACL
_jB-12898
999 _c109723
_d109723